| 000 | 01022nam a22002657a 4500 | ||
|---|---|---|---|
| 008 | 081212t xxu||||| |||| 00| 0beng d | ||
| 010 | _aENG-98820 | ||
| 020 |
_c695.00 _a9788178242491 |
||
| 020 |
_c695.00 _a8178242494 |
||
| 035 | _aEN-82352 | ||
| 037 | _bDBAD / PUB | ||
| 040 |
_adpl _bEnglish |
||
| 082 | _a070.50954 | ||
| 100 |
_93724 _aOrsini, Francesca |
||
| 245 |
_aPrint and pleasure: _cby Francesca Orsini _bpopular literature and entertaining fictions in colonial North India / |
||
| 260 |
_aRanikhet _bPermanent Black _c2009 |
||
| 270 |
_aHimalayana', aaaamall Road, Ranikhet Cantt, _bRanikhet _e263645 |
||
| 300 |
_axiii, 310p. _c22cm (Hb) |
||
| 500 | _aIncludes bibliographical references and index | ||
| 600 |
_aBaba Visakha Singh _xBiography. _93725 |
||
| 650 | _98634 | ||
| 700 | _96162 | ||
| 942 |
_2ddc _cEN _mORS _h070.50954 |
||
| 999 |
_c40125 _d40125 |
||